Water flow paths during the rainy season in an acid sulphate soil
Spremljeno u:
| Glavni autor: | |
|---|---|
| Format: | Knjiga |
| Jezik: | Undetermined |
| Izdano: |
[Hà Nội]
[Hà Nội]
|
| Teme: | |
| Oznake: |
Dodaj oznaku
Bez oznaka, Budi prvi tko označuje ovaj zapis!
|
| Thư viện lưu trữ: | Trung tâm Học liệu Trường Đại học Cần Thơ |
|---|
| LEADER | 00523nam a2200169Ia 4500 | ||
|---|---|---|---|
| 001 | CTU_142098 | ||
| 008 | 210402s9999 xx 000 0 und d | ||
| 082 | |a 631.43 | ||
| 082 | |b Tr300 | ||
| 100 | |a Võ, Khắc Tri | ||
| 245 | 0 | |a Water flow paths during the rainy season in an acid sulphate soil | |
| 245 | 0 | |c Võ Khắc Tri | |
| 260 | |a [Hà Nội] | ||
| 260 | |b [Hà Nội] | ||
| 650 | |a Soil percolation,Thổ nhưỡng | ||
| 904 | |i Tuyến | ||
| 980 | |a Trung tâm Học liệu Trường Đại học Cần Thơ | ||